Quiz Polskie memy - Statystyki

Ogólne statystyki
  • Ten quiz został rozwiązany 739 razy
  • Średni wynik to 11 z 15
Statystyki odpowiedzi
Hint Odpowiedź % Poprawnych
Jakie słynne słowa padają po zderzeniu samochodów po tym jak jeden z nich stracił przyczepność wjeżdżając pod górkę zimą? ale urwał
86%
Czego w zamian za loda oczekuje galerianka? dżinsów
83%
Czego według byłego wojskowego Nie da rady pomalować amelinium
82%
Podaj nazwę piosnki granej w 2011r. na 300 letnich organach w kościele Coco Jambo
82%
Jakiego kanału znakiem rozpoznawczym są okrągłe grube okulary z czarnymi oprawkami cyber marian
82%
Jaki kabel rzekomo miał urwać znany wszystkim "hardkor" internetowy
79%
Jaki polski kanał jako pierwszy osiągnął milion subskrypcji? SA Wardęga
79%
Co pana najbardziej na co dzień denerwuje? Woda,ziemnia ..... taka sytuacja hemoglobina
77%
Podaj nazwę filmu który miał premierę w 2010r. skupiający się kompilacji krótkich przeróbek bajek/reklam/filmów Wielki mix Youtube
77%
Co widzi kobieta w tym tęczu? Buzię
73%
“Żeli papą fasamik tonem a selewi, szukametetele pakhawi a sawi” - kto rapuje te słowa Lech Roch Pawlak
73%
Za co znajdującego się na podwórku odholuje policjantów Zbigniew stonoga za bramę
72%
Z kim grała drużyna piłkarka Borowiak Czersk w meczu w którym padają słynne słowa "no daj kamienia" Unia Tczew
71%
Czym było hobby miszora pociągi
70%
Co następuje po słowach "jechałeś kiedyś busem bokiem" wypadek
59%
Nie znaleziono quizów pasujących do podanych kryteriów
Rozkład punktacji
Procent ludzi z każdym wynikiem
Percentyl według liczby udzielonych odpowiedzi
Twoja historia wyników
Nie rozwiązałeś tego quizu